Flags of the Historic Counties of England - Statistics

General Stats
  • This quiz has been taken 514 times
  • The average score is 15 of 39
Answer Stats
Picture Answer % Correct
Essex
83%
Yorkshire
74%
Cornwall
72%
Lancashire
67%
Nottinghamshire
63%
Devon
57%
Leicestershire
51%
Kent
46%
Warwickshire
44%
Oxfordshire
43%
Northumberland
42%
Middlesex
41%
Buckinghamshire
38%
Rutland
37%
Herefordshire
36%
Worcestershire
36%
Dorset
33%
Gloucestershire
33%
Somerset
33%
Suffolk
32%
County Durham
31%
Hertfordshire
31%
Lincolnshire
31%
Norfolk
31%
Sussex
31%
Hampshire
30%
Staffordshire
30%
Wiltshire
30%
Derbyshire
29%
Shropshire
29%
Surrey
29%
Berkshire
28%
Northamptonshire
28%
Bedfordshire
26%
Cambridgeshire
26%
Cheshire
26%
Cumberland
22%
Westmorland
22%
Huntingdonshire
21%
No matching quizzes found
Score Distribution
Percent of People with Each Score
Percentile by Number Answered
Your Score History
You have not taken this quiz